Проблемы разработки перспективных микро- и наноэлектронных систем - 2018. Вып. 2: [Верификация и тестирование | Проектирование цифровых функциональных блоков СБИС и подсистем СБИС] (Запись № 11999785)

Подробности
000 -МАРКЕР
контрольное поле 02883nam2a2200349 4500
001 - ИДЕНТИФИКАТОР ЗАПИСИ
контрольное поле RU\NLR\BIBL_A\011828674
005 - ИДЕНТИФИКАТОР ВЕРСИИ
контрольное поле 20181029151021.0
010 ## - МЕЖДУНАРОДНЫЙ СТАНДАРТНЫЙ НОМЕР КНИГИ (ISBN)
Номер (ISBN) 978-5-94627-159-2
Уточнения вып.2
Тираж 175
021 ## - НОМЕР ГОСУДАРСТВЕННОЙ РЕГИСТРАЦИИ
Код страны Российская Федерация
Номер КН-П-18-070217
Номер Листа государственной регистраци КН-П-18-5045
035 ## - ДРУГИЕ СИСТЕМНЫЕ НОМЕРА
Идентификатор записи (NLR Aleph) 011828674
035 ## - ДРУГИЕ СИСТЕМНЫЕ НОМЕРА
Идентификатор записи (RuMoRGB)009748877
100 ## - ДАННЫЕ ОБЩЕЙ ОБРАБОТКИ
Данные общей обработки 20181019d2018 k y0rusy50 ca
101 0# - ЯЗЫК РЕСУРСА
Язык текста, звукозаписи и т.д. русский
-- английский
Язык резюме английский
102 ## - СТРАНА ПУБЛИКАЦИИ ИЛИ ПРОИЗВОДСТВА
Страна публикации Российская Федерация
105 ## - ПОЛЕ КОДИРОВАННЫХ ДАННЫХ: ТЕКСТОВЫЕ МАТЕРИАЛЫ, МОНОГРАФИЧЕСКИЕ
Кодированные данные о монографическом текстовом документе a|||z|||101zy
200 1# - ЗАГЛАВИЕ И СВЕДЕНИЯ ОБ ОТВЕТСТВЕННОСТИ
Основное заглавие [Верификация и тестирование
-- Проектирование цифровых функциональных блоков СБИС и подсистем СБИС]
210 ## - ПУБЛИКАЦИЯ, РАСПРОСТРАНЕНИЕ И ДР.
Дата издания, распространения и т.д. 2018
215 ## - ФИЗИЧЕСКАЯ ХАРАКТЕРИСТИКА
Специфическое обозначение материала и объем XI, 187 с.
Другие сведения о физической характеристике ил., табл., цв. ил.
300 ## - ОБЩИЕ ПРИМЕЧАНИЯ
Текст примечания Часть текста на англ. яз.
320 ## - ПРИМЕЧАНИЯ О НАЛИЧИИ В ДОКУМЕНТЕ БИБЛИОГРАФИИ / УКАЗАТЕЛЯ
Текст примечания Библиогр. в конце ст.
320 ## - ПРИМЕЧАНИЯ О НАЛИЧИИ В ДОКУМЕНТЕ БИБЛИОГРАФИИ / УКАЗАТЕЛЯ
Текст примечания Имен. указ. авт. ст.: с. 185-186
461 #0 - УРОВЕНЬ НАБОРА
Встроенное поле 001RU\NLR\BIBL_A\011828642
-- 2001#$aПроблемы разработки перспективных микро- и наноэлектронных систем - 2018$e[(МЭС-2018)]$eVIII Всероссийская научно-техническая конференция, [1-5 октября 2018 года]$eсборник трудов$f[Федеральное государственное бюджетное учреждение науки, Институт проблем проектирования в микроэлектронике Российской академии наук$gпод общей редакцией академика РАН А.Л. Стемпковского]$vВып. 2
Системный номер (АБИС) связанной записи 11999637
Место публикации Москва
Дата публикации 2018
Первые сведения об ответственности [Федеральное государственное бюджетное учреждение науки, Институт проблем проектирования в микроэлектронике Российской академии наук
Имя издателя, распространителя и т.д. Манускрипт
Сведения, относящиеся к заглавию [(МЭС-2018)] : VIII Всероссийская научно-техническая конференция, [1-5 октября 2018 года] : сборник трудов
Заглавие Проблемы разработки перспективных микро- и наноэлектронных систем - 2018
ISBN 9785946271578
Номер тома Вып. 2
606 1# - НАИМЕНОВАНИЕ ТЕМЫ КАК ПРЕДМЕТ
Наименование темы Цифровые сверхбольшие интегральные схемы
Формальный подзаголовок Съезды, совещания и т.п
Тематический подзаголовок Техническая диагностика
Системный номер авторитетной/нормативной записи 2528737
Идентификатор авторитетной/нормативной записи RU\NLR\AUTH\661497954
606 1# - НАИМЕНОВАНИЕ ТЕМЫ КАК ПРЕДМЕТ
Наименование темы Цифровые сверхбольшие интегральные схемы
Формальный подзаголовок Съезды, совещания и т.п
Тематический подзаголовок Проектирование
Системный номер авторитетной/нормативной записи 2385074
Идентификатор авторитетной/нормативной записи RU\NLR\AUTH\6601643497
686 1# - ИНДЕКСЫ ДРУГИХ КЛАССИФИКАЦИЙ
Индекс З844.15-082.051я431(2)
686 1# - ИНДЕКСЫ ДРУГИХ КЛАССИФИКАЦИЙ
Индекс З844.15-02я431(2)
942 ## - ДОПОЛНИТЕЛЬНЫЕ ЭЛЕМЕНТЫ ЗАПИСИ (АБИС)
Тип экземпляра АБИС Книга
980 ## - КОЛЛЕКЦИЯ
Название коллекции НБР
980 ## - КОЛЛЕКЦИЯ
Название коллекции Национальная библиография

Нет доступных экземпляров.